000
00266nam a2200097Ia 4500
001
693752
005
20250826161920.0
008
250824s9999 xx 000 0 und d
245
0
_a
Kur an Niçin ve Nasıl Okunmalı /
_c
Prof. Dr. Ali Akpınar
260
_b
KİTAP DÜNYASI
999
_c
693752
_d
693752